| 000 | 00881cam a2200241 i 4500 | ||
|---|---|---|---|
| 003 | SA-RiAUC | ||
| 005 | 20250701065726.0 | ||
| 008 | 250505s1990 iq g b 000 0 ara c | ||
| 040 |
_aSA-JeALM _bara _cSA-RiAUC _erda |
||
| 082 | 0 | 4 | _a250 |
| 090 |
_a250 _b م ع ي |
||
| 100 | 1 |
_aالمعيني، محمد سعود _eمؤلف. |
|
| 245 | 1 | 0 |
_aأثر التقادم في الفقه الإسلامي : _bدراسة مقارنة / _cمحمد سعود المعيني. |
| 264 | 1 |
_aبغداد : _bمطبعة العاني. _c1990 |
|
| 300 |
_a160 صفحة ؛ _c24 سم |
||
| 336 |
_aنص _btxt _2rdacontent _3كتاب |
||
| 337 |
_aبدون وسيط _bn _2rdamedia |
||
| 338 |
_aمجلد _bnc _2rdacarrier |
||
| 504 | _aببليوجرافية : صفحة 139-153. | ||
| 650 | 7 |
_aالفقه الإسلامي _2aucsh |
|
| 942 |
_2ddc _cBOOK _n0 |
||
| 949 |
_aSA-JeALM _d250505 _umohamedma123 _n1 |
||
| 999 |
_c9330 _d9330 |
||